[Event "29th Czech Open-Rapid 2018"]
[Site "Pardubice"]
[Date "2018.07.19"]
[Round "5"]
[White "Pacl, Vaclav"]
[Black "Alekseev, Mikhail"]
[Result "1/2-1/2"]
[WhiteElo "2077"]
[BlackElo "1752"]
[Annotator "NA"]
[PlyCount "102"]
[EventDate "2018.07.18"]
[EventType "swiss"]
[EventCountry "CZE"]
[SourceTitle "playchess.com"]
[Source "ChessBase"]
[SourceQuality "1"]
[TimeControl "900+10"]

1. d4 {[%emt 0:00:00]} Nf6 {[%emt 0:00:00]} 2. Bg5 {[%emt 0:00:00]} g6 {[%emt 0:00:07]} 3. Bxf6 {[%emt 0:00:11]} exf6 {[%emt 0:00:01]} 4. e3 {[%emt 0:00:06]} d5 {[%emt 0:00:10]} 5. g3 {[%emt 0:00:02]} Bg7 {[%emt 0:00:05]} 6. Bg2 {[%emt 0:00:01]} O-O {[%emt 0:00:04]} 7. Ne2 {[%emt 0:00:00]} c6 {[%emt 0:00:23]} 8. O-O {[%emt 0:00:04]} Nd7 {[%emt 0:00:12]} 9. Nd2 {[%emt 0:00:01]} f5 {[%emt 0:00:36]} 10. c4 {[%emt 0:00:02]} Nf6 {[%emt 0:00:09]} 11. Nc3 {[%emt 0:00:03]} dxc4 {[%emt 0:00:24]} 12. Nxc4 {[%emt 0:00:03]} Be6 {[%emt 0:00:02]} 13. Qe2 {[%emt 0:00:32]} Nd5 {[%emt 0:00:30]} 14. Rfc1 {[%emt 0:00:13]} Nxc3 {[%emt 0:00:23]} 15. bxc3 {[%emt 0:00:02]} Bd5 {[%emt 0:00:21]} 16. Rab1 {[%emt 0:00:10]} b6 {[%emt 0:00:38]} 17. a4 {[%emt 0:00:07]} Bxg2 {[%emt 0:00:35]} 18. Kxg2 {[%emt 0:00:01]} Qd5+ {[%emt 0:00:01]} 19. Kg1 {[%emt 0:00:01]} c5 {[%emt 0:00:07]} 20. Na3 {[%emt 0:00:10]} cxd4 {[%emt 0:00:50]} 21. cxd4 {[%emt 0:00:01]} Rfc8 {[%emt 0:00:14]} 22. Qa6 {[%emt 0:00:13]} Rxc1+ {[%emt 0:02:29]} 23. Rxc1 {[%emt 0:00:01]} Qa5 {[%emt 0:01:06]} 24. Qxa5 {[%emt 0:01:58]} bxa5 {[%emt 0:00:02]} 25. Rc7 {[%emt 0:00:04]} Bf8 {[%emt 0:01:12]} 26. Nc4 {[%emt 0:01:55]} Bb4 {[%emt 0:00:04]} 27. Ne5 {[%emt 0:00:02]} Bd6 {[%emt 0:00:18]} 28. Rd7 {[%emt 0:00:19]} Bxe5 {[%emt 0:00:03]} 29. dxe5 {[%emt 0:00:02]} Kg7 {[%emt 0:02:25]} 30. e6 {[%emt 0:00:20]} Kf6 {[%emt 0:00:32]} 31. exf7 {[%emt 0:00:31]} Kg7 {[%emt 0:00:04]} 32. Kg2 {[%emt 0:00:15]} Rf8 {[%emt 0:00:13]} 33. Rxa7 {[%emt 0:00:04]} Rxf7 {[%emt 0:00:01]} 34. Rxf7+ {[%emt 0:00:49]} Kxf7 35. f4 {[%emt 0:00:02]} Ke6 {[%emt 0:00:10]} 36. Kf3 {[%emt 0:00:08]} Kd5 {[%emt 0:00:01]} 37. e4+ {[%emt 0:00:45]} fxe4+ {[%emt 0:00:23]} 38. Ke3 {[%emt 0:00:01]} h6 {[%emt 0:01:38]} 39. h3 {[%emt 0:00:35]} g5 {[%emt 0:01:06]} 40. fxg5 {[%emt 0:00:10]} hxg5 {[%emt 0:00:02]} 41. h4 {[%emt 0:00:00]} gxh4 {[%emt 0:00:08]} 42. gxh4 {[%emt 0:00:01]} Ke5 {[%emt 0:00:06]} 43. h5 {[%emt 0:00:18]} Kf5 {[%emt 0:00:02]} 44. h6 {[%emt 0:00:01]} Kg6 {[%emt 0:00:09]} 45. h7 {[%emt 0:00:18]} Kxh7 {[%emt 0:00:02]} 46. Kxe4 {[%emt 0:00:00]} Kg6 {[%emt 0:00:04]} 47. Kd5 Kf6 48. Kc5 Ke6 49. Kb5 {[%emt 0:00:04]} Kd7 {[%emt 0:00:01]} 50. Kxa5 {[%emt 0:00:02]} Kc7 {[%emt 0:00:01]} 51. Ka6 {[%emt 0:00:02]} Kb8 {[%emt 0:00:01]} 1/2-1/2

[Event "29th Czech Open-Rapid 2018"]
[Site "Pardubice"]
[Date "2018.07.19"]
[Round "5"]
[White "Joukl, Zdenek"]
[Black "Freisler, Pavel"]
[Result "0-1"]
[WhiteElo "2068"]
[BlackElo "2237"]
[Annotator "NA"]
[PlyCount "120"]
[EventDate "2018.07.18"]
[EventType "swiss"]
[EventCountry "CZE"]
[SourceTitle "playchess.com"]
[Source "ChessBase"]
[SourceQuality "1"]
[TimeControl "900+10"]

1. d4 {[%emt 0:00:00]} Nf6 {[%emt 0:00:00]} 2. Nf3 {[%emt 0:00:00]} e6 {[%emt 0:00:01]} 3. Bf4 {[%emt 0:00:09]} b6 {[%emt 0:00:16]} 4. e3 {[%emt 0:00:15]} Bb7 {[%emt 0:00:02]} 5. Nbd2 {[%emt 0:00:11]} g6 {[%emt 0:00:21]} 6. Bd3 {[%emt 0:00:37]} Bg7 {[%emt 0:00:02]} 7. O-O {[%emt 0:00:08]} d6 {[%emt 0:00:14]} 8. a4 {[%emt 0:00:17]} a5 {[%emt 0:00:13]} 9. h3 {[%emt 0:00:21]} Nbd7 {[%emt 0:00:02]} 10. c3 {[%emt 0:00:47]} Qe7 {[%emt 0:00:42]} 11. Nc4 {[%emt 0:00:58]} O-O {[%emt 0:01:05]} 12. Bh2 {[%emt 0:00:46]} Ne4 {[%emt 0:00:30]} 13. Nfd2 {[%emt 0:00:33]} Nxd2 {[%emt 0:02:02]} 14. Qxd2 {[%emt 0:00:40]} e5 {[%emt 0:00:01]} 15. dxe5 {[%emt 0:00:55]} dxe5 {[%emt 0:00:08]} 16. Rfd1 {[%emt 0:02:33]} Nc5 {[%emt 0:01:48]} 17. Bc2 {[%emt 0:00:39]} Rfd8 {[%emt 0:02:06]} 18. Qe1 {[%emt 0:00:21]} Qg5 {[%emt 0:00:49]} 19. e4 {[%emt 0:02:40]} f5 {[%emt 0:00:43]} 20. f3 {[%emt 0:01:35]} fxe4 {[%emt 0:00:25]} 21. fxe4 {[%emt 0:00:08]} Ne6 {[%emt 0:00:24]} 22. Rxd8+ {[%emt 0:00:15]} Rxd8 {[%emt 0:00:02]} 23. Rd1 {[%emt 0:00:04]} Rxd1 {[%emt 0:02:25]} 24. Qxd1 {[%emt 0:00:08]} Nf4 {[%emt 0:00:14]} 25. Bxf4 {[%emt 0:00:35]} exf4 {[%emt 0:00:02]} 26. Nd2 {[%emt 0:00:55]} Bf8 {[%emt 0:02:10]} 27. Nf3 {[%emt 0:00:19]} Bc5+ {[%emt 0:00:01]} 28. Kh1 {[%emt 0:00:20]} Qe7 {[%emt 0:00:02]} 29. Qd3 {[%emt 0:00:27]} Kg7 {[%emt 0:00:08]} 30. h4 {[%emt 0:00:42]} Qd6 {[%emt 0:00:07]} 31. Qxd6 {[%emt 0:00:11]} Bxd6 {[%emt 0:00:04]} 32. Kg1 {[%emt 0:00:05]} Kf6 {[%emt 0:00:16]} 33. Kf2 {[%emt 0:00:04]} h6 {[%emt 0:00:09]} 34. Nd4 {[%emt 0:00:20]} Bc5 {[%emt 0:00:24]} 35. Kf3 {[%emt 0:00:08]} Ke5 {[%emt 0:00:19]} 36. Ne2 {[%emt 0:00:22]} g5 {[%emt 0:00:53]} 37. Nc1 {[%emt 0:00:21]} Bd6 {[%emt 0:01:08]} 38. hxg5 {[%emt 0:00:11]} hxg5 {[%emt 0:00:02]} 39. Nd3+ {[%emt 0:00:03]} Kf6 {[%emt 0:00:02]} 40. Nf2 {[%emt 0:00:04]} Bc8 {[%emt 0:00:45]} 41. Ng4+ {[%emt 0:00:19]} Ke7 {[%emt 0:00:03]} 42. Nf2 {[%emt 0:00:05]} Bc5 {[%emt 0:00:02]} 43. Nd3 {[%emt 0:00:05]} Be3 {[%emt 0:00:10]} 44. Ne5 {[%emt 0:00:20]} Bc1 {[%emt 0:00:04]} 45. Nd3 {[%emt 0:00:22]} Bd2 {[%emt 0:00:20]} 46. Ne5 {[%emt 0:00:08]} Be6 {[%emt 0:00:23]} 47. Nc6+ {[%emt 0:00:39]} Kd6 {[%emt 0:00:13]} 48. Nd4 {[%emt 0:00:05]} Bd7 {[%emt 0:00:22]} 49. g4 {[%emt 0:00:20]} fxg3 {[%emt 0:00:05]} 50. Kxg3 {[%emt 0:00:02]} Bc1 {[%emt 0:00:07]} 51. Ne2 {[%emt 0:00:03]} Bxb2 {[%emt 0:00:04]} 52. c4 {[%emt 0:00:30]} Kc5 {[%emt 0:00:05]} 53. Ng1 {[%emt 0:00:23]} Kxc4 {[%emt 0:00:07]} 54. Nf3 {[%emt 0:00:02]} g4 {[%emt 0:00:00]} 55. Ng5 {[%emt 0:00:27]} Be5+ {[%emt 0:00:04]} 56. Kg2 {[%emt 0:00:06]} Kb4 {[%emt 0:00:11]} 57. Nf7 {[%emt 0:00:04]} Bf4 {[%emt 0:00:03]} 58. e5 {[%emt 0:00:04]} Be6 {[%emt 0:00:09]} 59. Nd8 {[%emt 0:00:01]} Bd5+ {[%emt 0:00:01]} 60. Kf2 {[%emt 0:00:08]} Bxe5 {[%emt 0:00:03]} 0-1

[Event "29th Czech Open-Rapid 2018"]
[Site "Pardubice"]
[Date "2018.07.19"]
[Round "5"]
[White "Holy, Filip"]
[Black "Bueble, Joschua"]
[Result "1-0"]
[WhiteElo "2042"]
[BlackElo "1682"]
[Annotator "NA"]
[PlyCount "51"]
[EventDate "2018.07.18"]
[EventType "swiss"]
[EventCountry "CZE"]
[SourceTitle "playchess.com"]
[Source "ChessBase"]
[SourceQuality "1"]
[TimeControl "900+10"]

1. d4 {[%emt 0:00:00]} Nf6 {[%emt 0:00:00]} 2. Nf3 {[%emt 0:00:08]} e6 {[%emt 0:00:00]} 3. c4 {[%emt 0:00:07]} Bb4+ {[%emt 0:00:00]} 4. Nc3 {[%emt 0:00:14]} c5 {[%emt 0:00:09]} 5. dxc5 {[%emt 0:01:20]} Nc6 {[%emt 0:00:53]} 6. g3 {[%emt 0:01:20]} Ne4 {[%emt 0:01:54]} 7. Qc2 {[%emt 0:00:30]} Nxc3 {[%emt 0:00:18]} 8. bxc3 {[%emt 0:00:04]} Bxc5 {[%emt 0:00:04]} 9. Bg2 {[%emt 0:00:12]} b6 {[%emt 0:00:27]} 10. O-O {[%emt 0:00:33]} O-O {[%emt 0:00:30]} 11. Rd1 {[%emt 0:03:16]} Bb7 {[%emt 0:03:20]} 12. Ng5 {[%emt 0:00:47]} f5 {[%emt 0:00:23]} 13. Nxe6 {[%emt 0:00:12]} Qf6 {[%emt 0:00:46]} 14. Nxf8 {[%emt 0:00:15]} Rxf8 {[%emt 0:00:02]} 15. Rxd7 {[%emt 0:01:12]} Ba6 {[%emt 0:00:06]} 16. Qd2 {[%emt 0:03:44]} Bxc4 {[%emt 0:01:03]} 17. Bd5+ {[%emt 0:00:05]} Bxd5 {[%emt 0:00:23]} 18. Qxd5+ {[%emt 0:00:01]} Rf7 {[%emt 0:00:07]} 19. Rxf7 {[%emt 0:00:26]} Qxf7 {[%emt 0:01:29]} 20. Qxc6 {[%emt 0:00:04]} Qe7 {[%emt 0:00:05]} 21. Qc8+ {[%emt 0:00:15]} Kf7 {[%emt 0:00:04]} 22. Qxf5+ {[%emt 0:00:03]} Kg8 {[%emt 0:00:02]} 23. Be3 {[%emt 0:00:51]} Bxe3 {[%emt 0:00:19]} 24. fxe3 {[%emt 0:00:02]} Qxe3+ {[%emt 0:00:01]} 25. Qf2 {[%emt 0:00:01]} Qxc3 {[%emt 0:00:02]} 26. Rf1 {[%emt 0:00:02]} 1-0

[Event "29th Czech Open-Rapid 2018"]
[Site "Pardubice"]
[Date "2018.07.19"]
[Round "5"]
[White "Yakimenko, Alexander A"]
[Black "Rosko, Lubos"]
[Result "0-1"]
[WhiteElo "2037"]
[BlackElo "2294"]
[Annotator "NA"]
[PlyCount "78"]
[EventDate "2018.07.18"]
[EventType "swiss"]
[EventCountry "CZE"]
[SourceTitle "playchess.com"]
[Source "ChessBase"]
[SourceQuality "1"]
[TimeControl "900+10"]

1. d4 {[%emt 0:00:00]} Nf6 {[%emt 0:00:00]} 2. c4 {[%emt 0:00:00]} c5 {[%emt 0:00:00]} 3. d5 {[%emt 0:00:03]} e6 {[%emt 0:00:00]} 4. Nc3 {[%emt 0:00:11]} exd5 {[%emt 0:00:02]} 5. cxd5 {[%emt 0:00:02]} d6 {[%emt 0:00:01]} 6. Nf3 {[%emt 0:00:26]} g6 {[%emt 0:00:01]} 7. g3 {[%emt 0:00:02]} Bg7 {[%emt 0:00:04]} 8. Bg2 {[%emt 0:00:01]} O-O {[%emt 0:00:05]} 9. O-O {[%emt 0:00:02]} Re8 {[%emt 0:00:03]} 10. Nd2 {[%emt 0:00:05]} Nbd7 {[%emt 0:00:23]} 11. h3 {[%emt 0:00:19]} a6 {[%emt 0:00:08]} 12. a4 {[%emt 0:00:02]} Rb8 {[%emt 0:00:21]} 13. Nc4 {[%emt 0:00:17]} Ne5 {[%emt 0:00:32]} 14. Na3 {[%emt 0:01:38]} Nh5 {[%emt 0:00:03]} 15. f4 {[%emt 0:01:59]} Nxg3 {[%emt 0:00:38]} 16. fxe5 {[%emt 0:00:02]} Bxe5 {[%emt 0:00:02]} 17. Bf4 {[%emt 0:01:24]} Qh4 {[%emt 0:08:13]} 18. Qd2 {[%emt 0:03:52]} Nxf1 {[%emt 0:04:27]} 19. Rxf1 {[%emt 0:00:03]} Bxh3 {[%emt 0:00:36]} 20. Nc4 {[%emt 0:04:04]} Qg4 {[%emt 0:01:22]} 21. e3 {[%emt 0:00:04]} Bxc3 {[%emt 0:00:37]} 22. bxc3 {[%emt 0:00:08]} g5 {[%emt 0:00:03]} 23. Bxd6 {[%emt 0:00:57]} Rbd8 {[%emt 0:00:31]} 24. Bc7 {[%emt 0:02:19]} Qxg2+ {[%emt 0:00:21]} 25. Qxg2 {[%emt 0:00:01]} Bxg2 {[%emt 0:00:01]} 26. Kxg2 {[%emt 0:00:39]} Rxd5 {[%emt 0:00:01]} 27. a5 {[%emt 0:00:14]} Kg7 {[%emt 0:00:28]} 28. Rb1 {[%emt 0:00:08]} Re4 {[%emt 0:00:07]} 29. Nd6 {[%emt 0:00:23]} Rxe3 {[%emt 0:00:04]} 30. Rxb7 {[%emt 0:00:06]} Rd2+ {[%emt 0:00:05]} 31. Kf1 {[%emt 0:00:02]} Rxc3 {[%emt 0:00:19]} 32. Ne8+ {[%emt 0:00:30]} Kf8 {[%emt 0:00:10]} 33. Ke1 {[%emt 0:00:06]} Ra2 {[%emt 0:00:12]} 34. Kd1 {[%emt 0:00:17]} Kxe8 {[%emt 0:00:02]} 35. Be5 {[%emt 0:00:02]} Rd3+ {[%emt 0:00:09]} 36. Kc1 {[%emt 0:00:03]} Re3 {[%emt 0:00:01]} 37. Kb1 {[%emt 0:00:10]} Rg2 {[%emt 0:00:07]} 38. Bb2 {[%emt 0:00:08]} Re1+ {[%emt 0:00:09]} 39. Ka2 {[%emt 0:00:01]} Ree2 {[%emt 0:00:03]} 0-1

[Event "29th Czech Open-Rapid 2018"]
[Site "Pardubice"]
[Date "2018.07.19"]
[Round "5"]
[White "Zdrazil, Tomas"]
[Black "Mojzis, Jaroslav"]
[Result "0-1"]
[WhiteElo "2017"]
[BlackElo "2135"]
[Annotator "NA"]
[PlyCount "98"]
[EventDate "2018.07.18"]
[EventType "swiss"]
[EventCountry "CZE"]
[SourceTitle "playchess.com"]
[Source "ChessBase"]
[SourceQuality "1"]
[TimeControl "900+10"]

1. e4 {[%emt 0:00:00]} e5 {[%emt 0:00:00]} 2. Nf3 {[%emt 0:00:00]} Nc6 {[%emt 0:00:00]} 3. Bb5 {[%emt 0:00:00]} a6 {[%emt 0:00:00]} 4. Ba4 {[%emt 0:00:00]} Nf6 {[%emt 0:00:00]} 5. O-O {[%emt 0:00:00]} Be7 {[%emt 0:00:00]} 6. Re1 {[%emt 0:00:02]} b5 {[%emt 0:00:01]} 7. Bb3 {[%emt 0:00:01]} d6 {[%emt 0:00:02]} 8. c3 {[%emt 0:00:01]} O-O {[%emt 0:00:03]} 9. h3 {[%emt 0:00:02]} Nb8 {[%emt 0:00:03]} 10. d4 {[%emt 0:00:02]} Nbd7 {[%emt 0:00:01]} 11. Nbd2 {[%emt 0:00:01]} Bb7 {[%emt 0:00:03]} 12. Bc2 {[%emt 0:00:03]} Re8 {[%emt 0:00:09]} 13. b4 {[%emt 0:00:37]} Bf8 {[%emt 0:00:09]} 14. a4 {[%emt 0:00:10]} g6 {[%emt 0:00:38]} 15. d5 {[%emt 0:00:40]} c6 {[%emt 0:00:22]} 16. dxc6 {[%emt 0:01:39]} Bxc6 {[%emt 0:00:03]} 17. Nb3 {[%emt 0:01:38]} Nb6 {[%emt 0:01:43]} 18. Na5 {[%emt 0:00:27]} Bd7 {[%emt 0:00:03]} 19. axb5 {[%emt 0:00:35]} axb5 {[%emt 0:00:08]} 20. Be3 {[%emt 0:00:13]} Qc7 {[%emt 0:01:08]} 21. Ra3 {[%emt 0:00:47]} Rad8 {[%emt 0:04:01]} 22. Bg5 {[%emt 0:00:39]} Bg7 {[%emt 0:00:13]} 23. Qe2 {[%emt 0:06:48]} Rc8 {[%emt 0:04:50]} 24. Bd3 {[%emt 0:00:15]} Nc4 {[%emt 0:00:12]} 25. Nxc4 {[%emt 0:00:07]} bxc4 {[%emt 0:00:02]} 26. Bc2 {[%emt 0:00:03]} Ra8 {[%emt 0:01:53]} 27. Rea1 {[%emt 0:00:01]} Rxa3 {[%emt 0:00:03]} 28. Rxa3 {[%emt 0:00:01]} h6 {[%emt 0:00:21]} 29. Be3 {[%emt 0:00:20]} Qc6 {[%emt 0:00:15]} 30. Nd2 {[%emt 0:00:14]} Be6 {[%emt 0:00:08]} 31. Ba4 {[%emt 0:00:52]} Qa8 {[%emt 0:01:22]} 32. Nxc4 {[%emt 0:00:16]} Rd8 {[%emt 0:00:31]} 33. Bd7 {[%emt 0:03:19]} Qxe4 {[%emt 0:00:20]} 34. Bxe6 {[%emt 0:00:02]} fxe6 {[%emt 0:00:03]} 35. Nd2 {[%emt 0:00:08]} Qc2 {[%emt 0:00:06]} 36. Qc4 {[%emt 0:00:33]} Qc1+ {[%emt 0:00:14]} 37. Kh2 {[%emt 0:00:19]} Qxa3 {[%emt 0:00:02]} 38. Qxe6+ {[%emt 0:00:02]} Kh7 {[%emt 0:00:02]} 39. Bb6 {[%emt 0:00:17]} Re8 {[%emt 0:00:07]} 40. Qf7 {[%emt 0:00:13]} Rf8 {[%emt 0:00:31]} 41. Qc4 {[%emt 0:00:11]} Qc1 {[%emt 0:00:05]} 42. Be3 {[%emt 0:00:03]} Qc2 {[%emt 0:00:08]} 43. Qc6 {[%emt 0:00:06]} d5 {[%emt 0:00:07]} 44. b5 {[%emt 0:00:10]} d4 {[%emt 0:00:07]} 45. cxd4 {[%emt 0:00:02]} Qxc6 {[%emt 0:00:21]} 46. bxc6 {[%emt 0:00:01]} Rc8 {[%emt 0:00:01]} 47. dxe5 {[%emt 0:00:08]} Nd5 {[%emt 0:00:07]} 48. Bd4 {[%emt 0:00:36]} Rxc6 {[%emt 0:00:05]} 49. f4 {[%emt 0:00:04]} Nxf4 {[%emt 0:00:13]} 0-1

[Event "29th Czech Open-Rapid 2018"]
[Site "Pardubice"]
[Date "2018.07.19"]
[Round "5"]
[White "Khmelev, Mikhail"]
[Black "Maslak, Alexander"]
[Result "0-1"]
[WhiteElo "1977"]
[BlackElo "2069"]
[Annotator "NA"]
[PlyCount "116"]
[EventDate "2018.07.18"]
[EventType "swiss"]
[EventCountry "CZE"]
[SourceTitle "playchess.com"]
[Source "ChessBase"]
[SourceQuality "1"]
[TimeControl "900+10"]

1. e4 {[%emt 0:00:00]} c5 {[%emt 0:00:00]} 2. Nf3 {[%emt 0:00:00]} Nc6 {[%emt 0:00:00]} 3. Bb5 {[%emt 0:00:23]} g6 {[%emt 0:00:00]} 4. O-O {[%emt 0:00:02]} Bg7 {[%emt 0:00:00]} 5. Re1 {[%emt 0:00:02]} Nf6 {[%emt 0:00:00]} 6. c3 {[%emt 0:00:03]} O-O {[%emt 0:00:02]} 7. d4 {[%emt 0:00:01]} d5 {[%emt 0:00:03]} 8. e5 {[%emt 0:01:11]} Ne4 {[%emt 0:00:04]} 9. Nbd2 {[%emt 0:00:37]} cxd4 {[%emt 0:00:19]} 10. cxd4 {[%emt 0:00:11]} Qb6 {[%emt 0:00:20]} 11. Bxc6 {[%emt 0:00:18]} Qxc6 {[%emt 0:00:21]} 12. Nxe4 {[%emt 0:00:59]} dxe4 {[%emt 0:00:02]} 13. Nd2 {[%emt 0:00:16]} Rd8 {[%emt 0:00:42]} 14. b3 {[%emt 0:02:45]} Rxd4 {[%emt 0:00:38]} 15. Bb2 {[%emt 0:00:00]} Rd3 {[%emt 0:01:14]} 16. Qe2 {[%emt 0:00:44]} Bf5 {[%emt 0:00:56]} 17. Rac1 {[%emt 0:02:13]} Qd5 {[%emt 0:00:08]} 18. Nxe4 {[%emt 0:00:08]} Rd8 {[%emt 0:02:29]} 19. f4 {[%emt 0:01:22]} h5 {[%emt 0:02:37]} 20. h3 {[%emt 0:01:29]} Bxe4 {[%emt 0:00:22]} 21. Qxe4 {[%emt 0:00:01]} Qxe4 {[%emt 0:00:11]} 22. Rxe4 {[%emt 0:00:01]} Rd2 {[%emt 0:00:02]} 23. Bc3 {[%emt 0:01:08]} Rxa2 {[%emt 0:00:19]} 24. Rc4 {[%emt 0:00:00]} Rd7 {[%emt 0:00:16]} 25. Rd4 {[%emt 0:01:35]} Rc7 {[%emt 0:00:56]} 26. Rc4 {[%emt 0:00:05]} Rxc4 {[%emt 0:00:16]} 27. bxc4 {[%emt 0:00:00]} Bh6 {[%emt 0:00:31]} 28. g3 {[%emt 0:00:30]} h4 {[%emt 0:00:02]} 29. Be1 a5 {[%emt 0:01:08]} 30. Rb1 {[%emt 0:00:41]} a4 {[%emt 0:00:12]} 31. g4 {[%emt 0:00:27]} Bxf4 {[%emt 0:00:04]} 32. Bxh4 {[%emt 0:00:04]} g5 33. Bf2 Bxe5 {[%emt 0:00:14]} 34. Rxb7 {[%emt 0:00:03]} Rc2 {[%emt 0:00:18]} 35. Rxe7 {[%emt 0:00:15]} Bf6 {[%emt 0:00:44]} 36. Re8+ {[%emt 0:00:17]} Kg7 {[%emt 0:00:02]} 37. Ra8 {[%emt 0:00:01]} Rxc4 {[%emt 0:00:01]} 38. Kg2 {[%emt 0:00:00]} Bd4 {[%emt 0:00:57]} 39. Bxd4+ {[%emt 0:00:17]} Rxd4 {[%emt 0:00:01]} 40. Ra6 {[%emt 0:00:03]} Rb4 {[%emt 0:00:19]} 41. Kf2 {[%emt 0:00:49]} Kf8 {[%emt 0:00:25]} 42. Ra5 {[%emt 0:01:30]} f6 43. Ra7 Ke8 {[%emt 0:00:35]} 44. Ra6 {[%emt 0:00:14]} Ke7 {[%emt 0:00:04]} 45. Ra7+ {[%emt 0:00:02]} Ke6 {[%emt 0:00:03]} 46. Ra6+ {[%emt 0:00:12]} Ke5 {[%emt 0:00:15]} 47. Ra5+ {[%emt 0:00:01]} Ke4 {[%emt 0:00:07]} 48. Rf5 {[%emt 0:00:20]} a3 {[%emt 0:00:18]} 49. Ra5 {[%emt 0:00:20]} Rb3 {[%emt 0:00:43]} 50. Ra4+ {[%emt 0:01:00]} Kd3 {[%emt 0:00:06]} 51. Ra6 {[%emt 0:00:01]} Kc2 {[%emt 0:00:24]} 52. Rxf6 {[%emt 0:00:03]} Rxh3 {[%emt 0:00:16]} 53. Kg2 {[%emt 0:00:09]} Rb3 {[%emt 0:00:03]} 54. Rf2+ {[%emt 0:00:01]} Kc3 {[%emt 0:00:12]} 55. Kf3 {[%emt 0:00:29]} Rb4 {[%emt 0:00:12]} 56. Kg3 {[%emt 0:00:11]} Kb3 {[%emt 0:00:21]} 57. Rf3+ {[%emt 0:00:05]} Ka4 {[%emt 0:00:02]} 58. Rf2 {[%emt 0:00:16]} Rb3+ {[%emt 0:00:02]} 0-1

[Event "29th Czech Open-Rapid 2018"]
[Site "Pardubice"]
[Date "2018.07.19"]
[Round "5"]
[White "Michelle Catherina, P."]
[Black "Boruchovsky, Avital"]
[Result "0-1"]
[WhiteElo "1970"]
[BlackElo "2576"]
[Annotator "TA"]
[PlyCount "117"]
[EventDate "2018.07.18"]
[EventType "swiss"]
[EventCountry "CZE"]
[SourceTitle "playchess.com"]
[Source "ChessBase"]
[SourceQuality "1"]

{[%evp 35,117,33,41,45,72,71,63,66,73,21,79,49,97,49,43,17,18,10,41,47,63,-47,-36,-52,-28,-61,-63,-89,-91,-101,-12,-29,-23,-24,0,0,0,0,0,-55,0,0,0,0,120,91,106,126,149,115,129,104,201,144,229,0,113,106,150,124,160,98,83,53,531,-61,-61,-61,-61,-62,-62,-62,-62,-135,-131,-29987,-29988,-29988,-29989,-29989,-29990,-29990,-29991,-29990]} 1. e4 c6 2. d4 d5 3. Nc3 dxe4 4. Nxe4 Bf5 5. Ng3 Bg6 6. h4 h6 7. Nf3 Nd7 8. h5 Bh7 9. Bd3 Bxd3 10. Qxd3 e6 11. Bd2 Ngf6 12. O-O-O Qc7 13. Ne4 O-O-O 14. g3 Nxe4 15. Qxe4 Nf6 16. Qe2 Bd6 17. c4 Qe7 18. Kb1 {B19: Classical Caro-Kann: 4...Bf5 main line} Kb8 {LiveBook: 4 Games} 19. Ne5 (19. a3 Rhe8 20. Bc3 Ka8 21. Ne5 Nd7 22. Nd3 Bc7 23. Rhe1 Nb6 24. Ne5 Nd7 25. Nd3 Nb6 26. Ne5 Rh8 {½-½ (27) Bruzon Batista,L (2666)-Bacallao Alonso,Y (2525) Merida 2015}) 19... Ka8 20. Bc3 {White is better.} Nd7 21. Nd3 $146 ({Predecessor:} 21. Nxd7 Qxd7 22. Rhe1 Rhg8 23. Qe4 g6 24. Qf3 {½-½ (52) Scuderi,A (2480)-Peluso,A (2545) ICCF corr 1994}) 21... Rhe8 22. f4 (22. g4 $16) 22... Bc7 (22... f5 $11) 23. g4 f5 24. Rhg1 Nf6 25. Bb4 Qf7 26. gxf5 exf5 27. Ne5 Qxh5 28. Qg2 (28. Qc2 $1 $14 Bxe5 29. fxe5) 28... Bxe5 $1 $15 29. fxe5 Ng4 (29... Ne4 {with more complications.} 30. Qxg7 Qe2 31. Qf7 Ng5 32. Qxf5 Nf3) 30. Qe2 Qf7 31. Rge1 Qe6 32. Bc3 h5 (32... g5 $17 {White must now prevent ...h5.} 33. Rd2 f4) 33. Qf3 $1 $11 Qxc4 {Threatens to win with ...Qe6.} 34. Qxf5 Qd5 35. Qxh5 Nf2 $1 {[%cal Rf2d1]} 36. Rd2 Ne4 37. Rd3 (37. Rc2 $11) 37... c5 ({Black should play} 37... Nxc3+ $15 38. Rxc3 Qxd4) 38. Qe2 Nxc3+ 39. bxc3 c4 (39... cxd4 $11 40. cxd4 Qc4) 40. Rd2 Re6 41. Rb2 Rc6 42. Qe4 {Strongly threatening Qxd5.} Qa5 43. Rb4 Qa3 (43... Rb6 $16 {might work better.}) 44. Rc1 Qa6 (44... Rf8 $16 {was worth a try.} 45. Qe2 Qa6) 45. Re1 $2 (45. d5 $18 Rh6 46. d6 (46. Qxc4 Qxc4 47. Rxc4 Kb8 $18)) 45... Rb6 (45... Qa3 $1 $11 {remains equal.} 46. Qf3 Rb6 47. Rxb6 axb6) 46. Rxb6 $16 Qxb6+ {[%mdl 4096] Endgame KQR-KQR} 47. Ka1 Qa5 48. Qe3 (48. Qf3 $142) 48... Rh8 49. Qd2 Rh2 $2 {[%mdl 8192] [#]} ({Better is} 49... a6 $1 $14) 50. Qxh2 $2 (50. Rf1 $1 $18 {[%mdl 512] Threatening mate with Rf8+.} Rh8 51. d5) 50... Qxc3+ $15 51. Kb1 {[%cal Rh2h8]} Qxe1+ {KQ-KQ} 52. Kb2 {[%cal Rh2h8]} a5 53. d5 $1 Qb4+ $1 54. Kc1 ({White should try} 54. Kc2 $15) 54... Qc3+ $17 55. Kd1 $2 {[%mdl 8192] [#]} (55. Kb1 $17) 55... Qa1+ {Black mates.} 56. Kc2 Qxa2+ 57. Kc3 Qxh2 58. e6 Qd6 59. Kd4 {Precision: White = 37%, Black = 36%.} 0-1